| 000 | | | 05608nac2a22003613x 450 |
| 001 | | | 7f7eab06-55a0-4e64-8a9c-d04750c9cd79 |
| 005 | | | 20260119130414.0 |
| 100 | ## | $a | 20251101l1947 k y0rusy50 ca |
| 101 | 0# | $a | rus |
| 102 | ## | $a | RU |
| 105 | ## | $a | y z ||||| |
| 122 | 0# | $a | d19470521 |
| 200 | 1# | $a | Указ Президиума Верховного Совета СССР о награждении орденами и медалями СССР работников МВД Пензенской, Псковской, Ростовской и Рязанской областей, принятый 21 мая 1947 года (к протоколу № 12) |
| | $j | 21 мая 1947 |
| 215 | ## | $a | 17 листов |
| | $d | 28,7 х 20,1 |
| 251 | ## | $c | Дело |
| 300 | ## | $a | Заголовок дела на папке: Указ Президиума Верховного Совета Союза ССР о награждении орденами и медалями СССР работников МВД Пензенской, Псковской, Ростовской и Рязанской областей, принятый 21 мая 1947 года (к протоколу № 12) |
| 300 | ## | $a | Экз. № 1 |
| 300 | ## | $a | Машинописный текст с рукописными пометками |
| 461 | #0 | $1 | 001d61833fe-7036-4123-ba24-5c83654b2cf0 |
| | $1 | 2001 |
| | $a | Верховный Совет СССР |
| | $1 | 251 |
| | $c | Фонд |
| | $1 | 852 |
| | $g | Р |
| | $j | 7523 |
| 462 | #0 | $1 | 001f97228f9-855d-4329-90f3-ac5adbe8c7dc |
| | $1 | 2001 |
| | $a | Подлинные протоколы заседаний Президиума Верховного Совета СССР и материалов к ним второго созыва |
| | $v | Д. 135 |
| | $1 | 251 |
| | $c | Опись |
| | $1 | 852 |
| | $j | 36 |
| 517 | 1# | $a | Указ Президиума Верховного Совета Союза ССР о награждении орденами и медалями СССР работников МВД Пензенской, Псковской, Ростовской и Рязанской областей, принятый 21 мая 1947 года (к протоколу № 12) |
| 601 | 02 | $a | МВД Пензенской области |
| 601 | 02 | $a | МВД Псковской области |
| 601 | 02 | $a | МВД Ростовской области |
| 601 | 02 | $a | МВД Рязанской области |
| 605 | ## | $3 | DITM\AF\0000002775 |
| | $a | Власть |
| | $l | коллекция |
| | $2 | acquisition_prlib |
| 610 | 1# | $a | Указ |
| | $a | Награждение |
| | $a | Ордена СССР |
| | $a | Медали СССР |
| | $a | Работники МВД |
| | $a | 21 мая 1947 года |
| | $a | Протокол |
| 686 | ## | $a | 63.3(2)62-332ю1 |
| | $c | История |
| | $2 | rubbk |
| 686 | ## | $a | 67.400.6ю1 |
| | $c | Право |
| | $2 | rubbk |
| 710 | 01 | $3 | RU\NLR\AUTH\8810065327 |
| | $a | СССР |
| | $b | Верховный Совет |
| | $b | Президиум |
| 801 | #0 | $a | RU |
| | $b | GA_RF |
| 801 | #1 | $a | RU |
| | $b | ГлавНИВЦ |
| | $c | 20251101 |
| | $2 | rusmarc |
| 801 | #2 | $a | RU |
| | $b | ПБ им. Б.Н. Ельцина |
| | $c | 20260119 |
| | $g | RCR |
| | $2 | rusmarc |
| 852 | ## | $a | ГА РФ |
| | $j | 135 |
| 937 | ## | $d | 200058316 |
| | $h | ГАРФ |
| 035 | ## | $a | RuPRLIB51080897 |
| 856 | ## | $u | http://readingroom.main.prlib.ru/item.aspx?id_node=n200058316&mode=full |